WRC : Champion du Monde des rallyes Constructeur - Statistiques

Statistiques générales
  • Ce quiz a été pris 521 fois
    276 depuis la dernière actualisation
  • Le résultat moyen est 11 sur 14
Statistiques - réponses
Nombre de Titre Constructeur Dernier Titre Nationalité Constructeur % Correct
8 Citroen 2012 France
99%
5 Peugeot 2002 France
99%
3 Ford 2007 Etats-Unis
95%
9 Toyota 2025 Japon
95%
10 Lancia 1992 Italie
91%
2 Hyundai 2020 Corée du Sud
89%
2 Audi 1984 Allemagne
88%
3 Subaru 1997 Japon
80%
3 Fiat 1980 Italie
75%
4 Volkswagen 2016 Allemagne
72%
1 Mitsubischi 1998 Japon
71%
1 Alpine 1973 France
66%
1 Talbot 1981 France/Royaume-Uni
36%
1 M Sport 2017 Royaume-Uni
34%
Aucun quiz correspondant
Distribution des résultats
% des personnes avec chaque résultat
Percentile par nombre de réponses
Votre historique - résultats
Vous n’avez pas pris ce quiz depuis la dernière actualisation